| 000 | 00474nam a2200157Ia 4500 | ||
|---|---|---|---|
| 008 | 210716s2008 xx 000 0 und d | ||
| 020 | _a9780070635821 | ||
| 041 | _aeng | ||
| 082 | _a658.3 BERH | ||
| 100 | _aBernardin, H John. | ||
| 245 |
_aHuman resource management: an experiental approach. _bExperiental approach. |
||
| 250 | _a3 | ||
| 260 |
_aNew Delhi _bTata McGraw Hill Publishing Company Ltd _c2008 |
||
| 300 | _axv,630/2003 | ||
| 650 | _aHuman Resource Management | ||
| 999 |
_c197869 _d197869 |
||